Ratu Balqis

Bibliographic Details
Main Author: Shafie Abdul Rahman
Format: Book
Published: Kuala Lumpur : Gohamas Marketing , 2005
Series:Siri bacaan wanita teladan
Subjects:

MARC

LEADER 00000cam a2200000 7i4500
001 0000005130
005 20151222.0
008 070801
020 |a 9833116183(set) 
020 |a 9833116191 
090 0 0 |a JF   |b REG MAL (6111) 
100 0 |a Shafie Abdul Rahman 
245 1 0 |a Ratu Balqis   |c Shafie Abdul Rahman 
260 |a Kuala Lumpur :   |b Gohamas Marketing ,   |c 2005 
440 0 |a Siri bacaan wanita teladan 
500 |a Children ages 7-9 years old (orange) 
650 0 |a Children's stories, Malay 
650 0 |a Malay fiction 
999 |a 0000978274   |b Book   |c Children Collection   |e Cawangan Bandar Penawar 
999 |a 0000978275   |b Book   |c Children Collection   |e Cawangan Bukit Gambir 
999 |a 0000978276   |b Book   |c Children Collection   |e Cawangan Tangkak 
999 |a 0000983879   |b Book   |c Children Collection   |e Perbadanan Perpustakaan Awam Johor 
999 |a 0000983880   |b Book   |c Children Collection   |e Perbadanan Perpustakaan Awam Johor 
999 |a 0000983881   |b Book   |c Children Collection   |e Cawangan Kota Tinggi 
999 |a 0000983882   |b Book   |c Children Collection   |e Perbadanan Perpustakaan Awam Johor 
999 |a 0000983883   |b Book   |c Children Collection   |e Cawangan Tangkak 
999 |a 0001086065   |b Book   |c Children Collection   |e Cawangan Mersing 
999 |a 0001086066   |b Book   |c Children Collection   |e Cawangan Pontian 
999 |a 0001086067   |b Book   |c Children Collection   |e Cawangan Kota Tinggi 
999 |a 0001086068   |b Book   |c Children Collection   |e Cawangan Bandar Penawar